Case studies on ethics and corporate governance, vol.1 (Record no. 407937)

000 -LEADER
fixed length control field 00635cam a22001697a 4500
008 - FIXED-LENGTH DATA ELEMENTS--GENERAL INFORMATION
fixed length control field 180718b2007 xxu||||| |||| 00| 0 eng d
020 ## - INTERNATIONAL STANDARD BOOK NUMBER
International Standard Book Number 8131404536
082 ## - DEWEY DECIMAL CLASSIFICATION NUMBER
Classification number T33 Iy9
245 ## - TITLE STATEMENT
Title Case studies on ethics and corporate governance, vol.1
Statement of responsibility, etc. edited by H. Ramaseshan Iyer
260 ## - PUBLICATION, DISTRIBUTION, ETC.
Place of publication, distribution, etc. Hyderabad
Name of publisher, distributor, etc. ICFAI Books
Date of publication, distribution, etc. 2007
300 ## - PHYSICAL DESCRIPTION
Extent 251p.
650 ## - SUBJECT ADDED ENTRY--TOPICAL TERM
Topical term or geographic name entry element Industrial management -- Environmental aspects -- India
650 ## - SUBJECT ADDED ENTRY--TOPICAL TERM
Topical term or geographic name entry element Industrial management -- Social aspects -- India
650 ## - SUBJECT ADDED ENTRY--TOPICAL TERM
Topical term or geographic name entry element Social responsibility of business -- India -- Case studies
650 ## - SUBJECT ADDED ENTRY--TOPICAL TERM
Topical term or geographic name entry element Social responsibility of business -- India
700 ## - ADDED ENTRY--PERSONAL NAME
Personal name Iyer, H. Ramaseshan
Holdings
Withdrawn status Lost status Damaged status Not for loan Permanent Location Current Location Date acquired Full call number Barcode Date last seen Price effective from Koha item type
        Indian Institute of Public Administration Indian Institute of Public Administration 2009-01-13 T33 Iy9 82819 2018-07-21 2018-07-21 Book

Powered by Koha